Návštevníci a ochrana lokalít masového cestovného ruchu
Pohľad na cestovanie v minulosti. Dôvody rozhodnutí pre účasť na cestovnom ruchu v súčasnosti. Dôsledky masového cestovného ruchu pre lokality cestovného ruchu. Návrhy na ochranu lokalít masového cestovného ruchu.
Salvato in:
| Autore principale: | |
|---|---|
| Natura: | Capitolo di libro |
| Lingua: | slovacco |
| Soggetti: | |
| Tags: |
Nessun Tag, puoi essere il primo ad aggiungerne!!
|
MARC
| LEADER | 00000naa$a2200000$$$4500 | ||
|---|---|---|---|
| 001 | 0147432 | ||
| 005 | 20240502072649.7 | ||
| 041 | 0 | |a slo | |
| 044 | |a SK | ||
| 245 | 1 | 0 | |a Návštevníci a ochrana lokalít masového cestovného ruchu |c Darina Eliašová |
| 520 | |a Pohľad na cestovanie v minulosti. Dôvody rozhodnutí pre účasť na cestovnom ruchu v súčasnosti. Dôsledky masového cestovného ruchu pre lokality cestovného ruchu. Návrhy na ochranu lokalít masového cestovného ruchu. | ||
| 610 | 2 | 0 | |a ruch cestovný |
| 610 | 2 | 0 | |a klienti |
| 610 | 2 | 0 | |a výdavky |
| 610 | 2 | 0 | |a príjmy |
| 610 | 2 | 0 | |a územia chránené |
| 100 | 1 | |a Eliašová, Darina | |